00690 a2200181 45000010006000000050017000060080041000230030015000640400040000790800170001192450049002890200018003382640068003563000019004240410008004431000027004517000030004785978120260407155851.0260407a1983 arg spa dAR-UNSa-BCEJYS aAR-UNSa-BCEJYSbspacAR-UNSa-BCEJYS a342.25xCentralización y descentralización. Autonomía regional. Transferencia de poderes. Autonomía local (Home rule). Órganos locales del gobierno central10aLeyes de las comunidades autonomas 1980-1982 a84-7088-336-4 1aMadrid :bInstituto de Estudios de Administración Localc1983 a658 p.c23 cm. aspa1 aSosa Wagner, Francisco1 aOrduña Rebollo, Enrique